| 000 | 01027nas a2200301 i 4500 | ||
|---|---|---|---|
| 001 | 000037556 | ||
| 003 | DO-SdBNP | ||
| 005 | 20250925101038.0 | ||
| 007 | ta | ||
| 008 | 120425c1997 dr sr1p|dd || 0spa d | ||
| 040 |
_aDO-SdBNP _bspa _cBNPHU _erda |
||
| 041 | _hspa | ||
| 043 | _anwdr | ||
| 110 |
_aEl siglo (República Dominicana) _922914 |
||
| 222 | 2 | _aViú | |
| 245 | 0 | 0 |
_aRevista Viú / _cEl siglo (República Dominicana). |
| 264 |
_aSanto Domingo, República Dominicana : _bEl Siglo, _c1997-. |
||
| 300 |
_avolumen : _bilustraciones, fotografías ; _c29 cm. |
||
| 310 | _aQuincenal. | ||
| 336 |
_atexto _btxt _2rdacontent |
||
| 337 |
_asin mediación _bn _2rdamedia |
||
| 338 |
_avolumen _bnc _2rdacarrier |
||
| 362 | 1 | _aAño 1. no. 1, (may. 1997). | |
| 500 | _aCatalogación basada en: Año 1. no. 1, (may. 1997). | ||
| 650 | 0 |
_aSociedad _zRepública Dominicana _vPublicaciones periódicas _932917 |
|
| 651 | 0 |
_aRepública Dominicana _vPublicaciones periódicas _xAspectos sociales _978065 |
|
| 942 |
_2ddc _cISSUE |
||
| 999 |
_c37046 _d37046 |
||